WWE Pay-Per-View (PPV) Main Events - 2005 - Statistics

General Stats
  • This quiz has been taken 801 times
    364 since last reset
  • The average score is 19 of 23
Answer Stats
PPV Answer % Correct
Judgment Day, Unforgiven, Taboo Tuesday John Cena
99%
New Year's Revolution, WrestleMania 21, Backlash, Vengeance Triple H
99%
New Year's Revolution, Royal Rumble, WrestleMania 21, Backlash, Vengeance, The Great American Bash, No Mercy, Survivor Series Batista
98%
New Year's Revolution, Survivor Series, Armageddon Randy Orton
97%
SummerSlam, Taboo Tuesday, Survivor Series Shawn Michaels
97%
Armageddon The Undertaker
96%
No Way Out, Judgment Day, The Great American Bash, Survivor Series John Bradshaw Layfield
94%
Survivor Series Kane
94%
No Way Out, Survivor Series The Big Show
93%
SummerSlam Hulk Hogan
90%
New Year's Revolution Edge
89%
Unforgiven, Taboo Tuesday Kurt Angle
85%
New Year's Revolution Chris Jericho
84%
Survivor Series Rey Mysterio
83%
New Year's Revolution Chris Benoit
82%
No Mercy Eddie Guerrero
82%
ECW One Night Stand Tommy Dreamer
70%
ECW One Night Stand Bubba Ray Dudley
69%
ECW One Night Stand D-Von Dudley
69%
Survivor Series Carlito
66%
Survivor Series Bobby Lashley
65%
Survivor Series Chris Masters
65%
ECW One Night Stand The Sandman
65%
No matching quizzes found
Score Distribution
Percent of People with Each Score
Percentile by Number Answered
Your Score History
You have not taken this quiz since the last reset